Sčítání lidu v republice Československé ze dne 1. prosince 1930 díl 1.

Bibliographic Details
Format: Book
Language:Undetermined
PhysicalDescription:205 s.
Published: Praha SÚS 1934

MARC

LEADER 00000nam a2200000 a 4500
001 vtls001345911
003 SK-MaSNL
005 20260223215547.0
008 141106s1934 xx 0 und
035 |a SNK000299147 
040 |a SNK  |b slo  |c SNK  |e AACR2 
245 1 |a Sčítání lidu v republice Československé ze dne 1. prosince 1930  |b díl 1. 
260 |a Praha  |b SÚS  |c 1934 
300 |a 205 s. 
999 |c 719439  |d 721369 
952 |a SNK  |b SNK  |y PREZ  |7 0  |p 17A0166715  |o snkSB 528/6/7  |0 0  |1 0  |4 0  |d 1998-10-21  |l 0  |r 2025-01-31 00:00:00  |w 2026-02-23